|
|
|
|
| LEADER |
01480nam a2200421Ia 4500 |
| 001 |
EBC692999 |
| 003 |
MiAaPQ |
| 005 |
20200520144314.0 |
| 006 |
m o d | |
| 007 |
cr cn||||||||| |
| 008 |
110218s2011 ii a sbs 001 0 eng d |
| 010 |
|
|
|z 2010317103
|
| 020 |
|
|
|z 0415589703
|
| 020 |
|
|
|z 9780203814062
|
| 020 |
|
|
|z 9780415589703
|
| 035 |
|
|
|a (MiAaPQ)EBC692999
|
| 035 |
|
|
|a (Au-PeEL)EBL692999
|
| 035 |
|
|
|a (CaPaEBR)ebr10610106
|
| 035 |
|
|
|a (CaONFJC)MIL762588
|
| 035 |
|
|
|a (OCoLC)782859415
|
| 040 |
|
|
|a MiAaPQ
|c MiAaPQ
|d MiAaPQ
|
| 050 |
|
4 |
|a HD2346.I4
|b M53 2011
|
| 082 |
0 |
4 |
|a 338.6420954
|2 22
|
| 245 |
0 |
0 |
|a Micro and small enterprises in India
|h [electronic resource] :
|b the era of reforms /
|c editor, Keshab Das.
|
| 246 |
3 |
|
|a Era of reforms
|
| 260 |
|
|
|a New Delhi :
|b Routledge,
|c 2011.
|
| 300 |
|
|
|a xx, 344 p. :
|b ill.
|
| 500 |
|
|
|a Contributed articles.
|
| 500 |
|
|
|a Includes statistical tables.
|
| 504 |
|
|
|a Includes bibliographical references and index.
|
| 533 |
|
|
|a Electronic reproduction. Ann Arbor, MI : ProQuest, 2015. Available via World Wide Web. Access may be limited to ProQuest affiliated libraries.
|
| 650 |
|
0 |
|a Small business
|z India.
|
| 650 |
|
0 |
|a Small business
|z India
|v Statistics.
|
| 651 |
|
0 |
|a India
|x Economic policy
|y 1991-
|
| 655 |
|
4 |
|a Electronic books.
|
| 700 |
1 |
|
|a Das, Keshab.
|
| 710 |
2 |
|
|a ProQuest (Firm)
|
| 856 |
4 |
0 |
|u https://ebookcentral.proquest.com/lib/matrademy/detail.action?docID=692999
|z Click to View
|